[Event "EYCC 2024 - G16"]
[Site "?"]
[Date "2024.08.23"]
[Round "2.8"]
[White "Novomeska, Karin"]
[Black "Abdinova, Narmin"]
[Result "0-1"]
[BlackElo "2244"]
[WhiteElo "1815"]
[LiveChessVersion "1.4.8"]

1. d4 {[%clk 1:30:58]} Nf6 {[%clk 1:30:44]} 2. c4 {[%clk 1:31:13]} e6
{[%clk 1:31:06]} 3. Nf3 {[%clk 1:31:31]} Bb4+ {[%clk 1:31:13]} 4. Nbd2
{[%clk 1:31:29]} c5 {[%clk 1:30:57]} 5. a3 {[%clk 1:30:52]} Bxd2+
{[%clk 1:31:23]} 6. Bxd2 {[%clk 1:30:22]} cxd4 {[%clk 1:31:45]} 7. Nxd4
{[%clk 1:29:40]} d5 {[%clk 1:32:09]} 8. cxd5 {[%clk 1:28:35]} Qxd5
{[%clk 1:32:20]} 9. e3 {[%clk 1:26:36]} Bd7 {[%clk 1:32:44]} 10. Rc1
{[%clk 1:24:32]} O-O {[%clk 1:27:21]} 11. Bb4 {[%clk 1:18:35]} Rc8
{[%clk 1:25:32]} 12. Rxc8+ {[%clk 1:16:52]} Bxc8 {[%clk 1:25:59]} 13. Be2
{[%clk 1:10:22]} e5 {[%clk 1:19:06]} 14. Nf3 {[%clk 0:14:05]} Nc6
{[%clk 1:08:27]} 15. Bc3 {[%clk 0:12:48]} Qxd1+ {[%clk 0:59:08]} 16. Bxd1
{[%clk 0:13:16]} Nd7 {[%clk 0:41:31]} 17. O-O {[%clk 0:12:13]} f6
{[%clk 0:41:01]} 18. Nd2 {[%clk 0:08:00]} Kf8 {[%clk 0:40:04]} 19. Ba4
{[%clk 0:06:08]} Ke7 {[%clk 0:35:34]} 20. Ne4 {[%clk 0:05:36]} a5
{[%clk 0:29:50]} 21. Rd1 {[%clk 0:04:42]} Nb6 {[%clk 0:29:58]} 22. Bb3
{[%clk 0:04:02]} Rb8 {[%clk 0:24:27]} 23. Nc5 {[%clk 0:04:02]} Bf5
{[%clk 0:23:58]} 24. f3 {[%clk 0:03:04]} Nd7 {[%clk 0:23:00]} 25. Nxd7
{[%clk 0:01:58]} Bxd7 {[%clk 0:23:28]} 26. Bd5 {[%clk 0:01:13]} b6
{[%clk 0:19:10]} 27. Kf2 {[%clk 0:01:36]} Na7 {[%clk 0:18:46]} 28. Be4
{[%clk 0:01:15]} h6 {[%clk 0:16:17]} 29. Bd3 {[%clk 0:01:33]} Bb5
{[%clk 0:15:14]} 30. Bxb5 {[%clk 0:01:15]} Nxb5 {[%clk 0:15:43]} 31. Rc1
{[%clk 0:01:26]} Ke6 {[%clk 0:13:25]} 32. a4 {[%clk 0:01:05]} Nd6
{[%clk 0:13:23]} 33. b3 {[%clk 0:01:34]} Rc8 {[%clk 0:12:59]} 34. Bb2
{[%clk 0:02:03]} Rxc1 {[%clk 0:11:57]} 35. Bxc1 {[%clk 0:02:32]} Nb7
{[%clk 0:10:52]} 36. Ba3 {[%clk 0:02:28]} Kd5 {[%clk 0:10:42]} 37. b4
{[%clk 0:00:44]} axb4 {[%clk 0:08:42]} 38. Bxb4 {[%clk 0:01:13]} Nc5
{[%clk 0:09:04]} 39. Ke2 {[%clk 0:00:46]} Kc4 {[%clk 0:09:09]} 40. Ba3
{[%clk 0:00:43]} Ne6 {[%clk 0:05:57]} 41. a5 {[%clk 0:00:43]} bxa5
{[%clk 0:06:18]} 42. Bb2 {[%clk 0:00:50]} Kb3 {[%clk 0:06:44]} 43. Ba1
{[%clk 0:01:05]} Kc2 {[%clk 0:06:53]} 44. g3 {[%clk 0:01:00]} a4 {[%clk 0:06:59]}
45. e4 {[%clk 0:00:40]} a3 {[%clk 0:07:12]} 46. Ke3 {[%clk 0:01:05]} a2
{[%clk 0:07:38]} 47. f4 {[%clk 0:01:31]} Nd4 {[%clk 0:07:56]} 48. fxe5
{[%clk 0:01:40]} fxe5 {[%clk 0:08:25]} 49. g4 {[%clk 0:01:38]} g5
{[%clk 0:08:05]} 50. h3 {[%clk 0:01:38]} Kb1 {[%clk 0:08:29]} 51. Bc3
{[%clk 0:00:40]} a1=Q {[%clk 0:08:54]} 0-1

[Event "EYCC 2024 - G16"]
[Site "?"]
[Date "2024.08.23"]
[Round "2.9"]
[White "Budagova, Leyla"]
[Black "Zhezhovska, Monika"]
[Result "0-1"]
[BlackElo "2069"]
[WhiteElo "1717"]
[LiveChessVersion "1.4.8"]

1. e4 {[%clk 1:30:58]} c5 {[%clk 1:30:54]} 2. Nf3 {[%clk 1:31:23]} a6
{[%clk 1:31:11]} 3. d4 {[%clk 1:31:44]} cxd4 {[%clk 1:31:34]} 4. Nxd4
{[%clk 1:32:05]} Nf6 {[%clk 1:31:56]} 5. Nc3 {[%clk 1:32:24]} e5 {[%clk 1:32:07]}
6. Nb3 {[%clk 1:32:34]} Bb4 {[%clk 1:32:11]} 7. Bd3 {[%clk 1:24:42]} Bxc3+
{[%clk 1:27:15]} 8. bxc3 {[%clk 1:25:00]} d5 {[%clk 1:26:29]} 9. Bg5
{[%clk 1:14:18]} Be6 {[%clk 1:17:43]} 10. O-O {[%clk 1:10:40]} Nbd7
{[%clk 1:15:10]} 11. exd5 {[%clk 1:05:07]} Bxd5 {[%clk 1:15:17]} 12. Bf5
{[%clk 1:02:34]} O-O {[%clk 1:03:46]} 13. Re1 {[%clk 0:51:21]} Re8
{[%clk 1:00:03]} 14. Qd3 {[%clk 0:28:30]} e4 {[%clk 0:36:12]} 15. Qd4
{[%clk 0:19:08]} Re5 {[%clk 0:31:46]} 16. Bxf6 {[%clk 0:16:08]} gxf6
{[%clk 0:30:58]} 17. Bxd7 {[%clk 0:08:13]} Qxd7 {[%clk 0:31:22]} 18. Re3
{[%clk 0:07:34]} Kh8 {[%clk 0:24:44]} 19. Rd1 {[%clk 0:05:48]} Qe7
{[%clk 0:23:30]} 20. Nd2 {[%clk 0:03:12]} Bc6 {[%clk 0:21:35]} 21. Rg3
{[%clk 0:01:55]} Rd8 {[%clk 0:16:40]} 22. Qe3 {[%clk 0:02:18]} Rd7
{[%clk 0:14:13]} 23. h4 {[%clk 0:00:58]} Rh5 {[%clk 0:13:11]} 24. Qf4
{[%clk 0:01:25]} f5 {[%clk 0:11:15]} 25. Rg5 {[%clk 0:01:23]} Rxg5
{[%clk 0:11:24]} 26. hxg5 {[%clk 0:01:51]} Qd6 {[%clk 0:11:10]} 27. Qxf5
{[%clk 0:01:45]} e3 {[%clk 0:08:55]} 28. fxe3 {[%clk 0:02:07]} Qg3
{[%clk 0:08:55]} 29. Qf2 {[%clk 0:02:21]} Qxg5 {[%clk 0:08:38]} 30. Rf1
{[%clk 0:01:04]} Bxg2 {[%clk 0:05:56]} 31. Qxg2 {[%clk 0:01:23]} Qxe3+
{[%clk 0:06:15]} 32. Qf2 {[%clk 0:00:36]} Qg5+ {[%clk 0:05:52]} 33. Qg2
{[%clk 0:00:35]} Qxg2+ {[%clk 0:05:08]} 34. Kxg2 {[%clk 0:01:01]} Rxd2+
{[%clk 0:05:33]} 35. Kg3 {[%clk 0:00:48]} Rxc2 {[%clk 0:05:23]} 36. Rxf7
{[%clk 0:01:14]} Rxc3+ {[%clk 0:05:49]} 37. Kg4 {[%clk 0:01:41]} b5
{[%clk 0:06:08]} 38. Rb7 {[%clk 0:00:50]} Ra3 {[%clk 0:05:06]} 39. Kf5
{[%clk 0:01:13]} Rxa2 {[%clk 0:05:12]} 40. Rb8+ {[%clk 0:01:41]} Kg7
{[%clk 0:05:27]} 41. Rb7+ {[%clk 0:02:09]} Kh6 {[%clk 0:05:36]} 42. Rb6+
{[%clk 0:02:04]} Kh5 {[%clk 0:06:00]} 43. Kf4 {[%clk 0:02:08]} Ra4+
{[%clk 0:06:17]} 44. Kf5 {[%clk 0:02:30]} b4 {[%clk 0:06:24]} 45. Rb7
{[%clk 0:02:52]} h6 {[%clk 0:06:33]} 46. Rg7 {[%clk 0:02:53]} Ra5+
{[%clk 0:06:51]} 47. Kf4 {[%clk 0:03:20]} Rb5 {[%clk 0:07:15]} 48. Rg1
{[%clk 0:03:40]} b3 {[%clk 0:07:31]} 49. Rh1+ {[%clk 0:04:07]} Kg6
{[%clk 0:07:56]} 50. Rg1+ {[%clk 0:04:35]} Kf6 {[%clk 0:08:21]} 51. Rh1
{[%clk 0:05:01]} h5 {[%clk 0:08:44]} 0-1

[Event "EYCC 2024 - G16"]
[Site "?"]
[Date "2024.08.23"]
[Round "2.10"]
[White "Kirtadze, Anastasia"]
[Black "Westerhof, Fleur"]
[Result "1-0"]
[BlackElo "1986"]
[WhiteElo "2029"]
[LiveChessVersion "1.4.8"]

1. e4 {[%clk 1:30:57]} e5 {[%clk 1:30:53]} 2. Nf3 {[%clk 1:31:23]} Nc6
{[%clk 1:31:14]} 3. Bb5 {[%clk 1:31:49]} a6 {[%clk 1:31:32]} 4. Ba4
{[%clk 1:32:12]} Nf6 {[%clk 1:31:52]} 5. O-O {[%clk 1:32:39]} Be7
{[%clk 1:32:11]} 6. Re1 {[%clk 1:32:47]} b5 {[%clk 1:32:27]} 7. Bb3
{[%clk 1:33:11]} O-O {[%clk 1:32:42]} 8. a4 {[%clk 1:33:38]} Bb7 {[%clk 1:32:57]}
9. d3 {[%clk 1:19:22]} d6 {[%clk 1:33:16]} 10. Nc3 {[%clk 1:13:57]} b4
{[%clk 1:30:58]} 11. Nd5 {[%clk 1:10:15]} Nxd5 {[%clk 1:21:38]} 12. Bxd5
{[%clk 1:07:58]} Na5 {[%clk 1:16:40]} 13. Bxb7 {[%clk 0:59:11]} Nxb7
{[%clk 1:15:55]} 14. c3 {[%clk 0:58:41]} bxc3 {[%clk 1:08:25]} 15. bxc3
{[%clk 0:58:43]} c5 {[%clk 1:08:01]} 16. d4 {[%clk 0:55:21]} c4 {[%clk 0:59:15]}
17. Rb1 {[%clk 0:43:12]} Na5 {[%clk 0:54:51]} 18. dxe5 {[%clk 0:40:49]} dxe5
{[%clk 0:51:45]} 19. Nxe5 {[%clk 0:39:52]} Qc7 {[%clk 0:49:08]} 20. Nf3
{[%clk 0:32:36]} Rfd8 {[%clk 0:44:01]} 21. Qc2 {[%clk 0:31:51]} Rd3
{[%clk 0:39:31]} 22. Be3 {[%clk 0:29:56]} Bc5 {[%clk 0:28:03]} 23. Bd4
{[%clk 0:24:31]} Bxd4 {[%clk 0:25:15]} 24. Nxd4 Nc6 {[%clk 0:23:14]} 25. Red1
{[%clk 0:19:10]} Ne5 {[%clk 0:22:05]} 26. f4 {[%clk 0:15:02]} Rxd1+
{[%clk 0:21:46]} 27. Qxd1 {[%clk 0:14:38]} Nd3 {[%clk 0:21:48]} 28. e5
{[%clk 0:12:21]} Rb8 {[%clk 0:17:35]} 29. g3 {[%clk 0:11:51]} Rb7
{[%clk 0:14:47]} 30. e6 {[%clk 0:05:40]} fxe6 {[%clk 0:11:47]} 31. Nxe6
{[%clk 0:05:54]} Qb8 {[%clk 0:10:56]} 32. Rxb7 {[%clk 0:06:01]} Qxb7
{[%clk 0:11:19]} 33. Qe2 {[%clk 0:02:49]} Qb1+ {[%clk 0:06:26]} 34. Kg2
{[%clk 0:03:15]} Ne1+ {[%clk 0:05:28]} 35. Kh3 {[%clk 0:01:35]} Qf5+
{[%clk 0:05:27]} 36. Qg4 {[%clk 0:01:56]} Qf6 {[%clk 0:03:16]} 37. Nxg7
{[%clk 0:01:39]} Qxg7 {[%clk 0:01:56]} 38. Qe6+ {[%clk 0:02:04]} Qf7
{[%clk 0:01:22]} 39. Qxe1 {[%clk 0:02:29]} Qd7+ {[%clk 0:00:53]} 40. g4
{[%clk 0:02:21]} Qd3+ {[%clk 0:00:36]} 41. Kh4 {[%clk 0:02:07]} Qd8+
{[%clk 0:00:45]} 42. g5 {[%clk 0:02:25]} Kf7 {[%clk 0:00:36]} 43. f5
{[%clk 0:01:32]} Qd7 {[%clk 0:00:33]} 44. Qe6+ {[%clk 0:01:06]} Qxe6
{[%clk 0:00:51]} 45. fxe6+ {[%clk 0:01:34]} Kxe6 {[%clk 0:01:11]} 46. Kg4
{[%clk 0:01:59]} Ke5 {[%clk 0:01:16]} 47. h4 {[%clk 0:02:24]} Ke4
{[%clk 0:01:27]} 48. h5 {[%clk 0:02:49]} Kd3 {[%clk 0:01:53]} 49. g6
{[%clk 0:03:06]} hxg6 {[%clk 0:02:19]} 50. hxg6 {[%clk 0:03:33]} Kxc3
{[%clk 0:02:39]} 51. g7 {[%clk 0:03:59]} Kb2 {[%clk 0:02:44]} 52. g8=Q
{[%clk 0:04:20]} c3 {[%clk 0:03:09]} 53. Qb8+ {[%clk 0:03:09]} Ka2
{[%clk 0:02:17]} 54. Qc8 {[%clk 0:03:30]} Kb2 {[%clk 0:02:38]} 55. Qxa6
{[%clk 0:03:37]} c2 {[%clk 0:02:56]} 56. Qc4 {[%clk 0:03:58]} 1-0

[Event "EYCC 2024 - G16"]
[Site "?"]
[Date "2024.08.23"]
[Round "2.11"]
[White "Rusu, Anastasia"]
[Black "Toth, Lili"]
[Result "1-0"]
[BlackElo "2078"]
[WhiteElo "1695"]
[LiveChessVersion "1.4.8"]

1. e4 {[%clk 1:30:58]} e5 {[%clk 1:30:55]} 2. Nf3 {[%clk 1:31:24]} Nc6
{[%clk 1:31:20]} 3. Bc4 {[%clk 1:31:45]} Nf6 {[%clk 1:31:43]} 4. d3
{[%clk 1:32:03]} Bc5 {[%clk 1:32:09]} 5. c3 {[%clk 1:32:13]} d6 {[%clk 1:32:32]}
6. a4 {[%clk 1:32:18]} a5 {[%clk 1:30:59]} 7. O-O {[%clk 1:32:25]} Ba7
{[%clk 1:25:18]} 8. Re1 {[%clk 1:31:04]} O-O {[%clk 1:25:25]} 9. h3
{[%clk 1:31:18]} h6 {[%clk 1:25:50]} 10. Nbd2 {[%clk 1:31:33]} Be6
{[%clk 1:25:50]} 11. Qb3 {[%clk 1:28:52]} Qd7 {[%clk 1:24:13]} 12. Nf1
{[%clk 1:25:12]} Bxc4 {[%clk 1:09:43]} 13. Qxc4 {[%clk 1:25:33]} Ne7
{[%clk 1:09:52]} 14. Be3 {[%clk 1:24:19]} Bxe3 {[%clk 1:09:30]} 15. Nxe3
{[%clk 1:24:34]} c6 {[%clk 1:07:15]} 16. Qb3 {[%clk 1:24:11]} Ng6
{[%clk 1:06:53]} 17. Nc4 {[%clk 1:20:54]} Qc7 {[%clk 0:47:54]} 18. Qb6
{[%clk 1:17:50]} Qe7 {[%clk 0:47:51]} 19. d4 {[%clk 1:01:54]} Ra6
{[%clk 0:12:05]} 20. Qb3 {[%clk 1:02:05]} Kh7 {[%clk 0:11:31]} 21. Rad1
{[%clk 0:59:19]} Nxe4 {[%clk 0:08:41]} 22. Rxe4 {[%clk 0:53:17]} d5
{[%clk 0:09:05]} 23. Ree1 {[%clk 0:52:33]} dxc4 {[%clk 0:09:29]} 24. Qxc4
{[%clk 0:52:55]} e4 {[%clk 0:09:19]} 25. Ne5 {[%clk 0:51:19]} f5 {[%clk 0:04:04]}
26. Nxg6 {[%clk 0:49:29]} Kxg6 {[%clk 0:04:32]} 27. Re2 {[%clk 0:46:07]} Qf6
{[%clk 0:03:59]} 28. f3 {[%clk 0:45:38]} Kh7 {[%clk 0:01:33]} 29. fxe4
{[%clk 0:42:49]} fxe4 {[%clk 0:01:59]} 30. Rxe4 {[%clk 0:41:45]} Qf2+
{[%clk 0:02:23]} 31. Kh1 {[%clk 0:41:37]} Qxb2 {[%clk 0:00:42]} 32. Re2
{[%clk 0:41:09]} Qa3 {[%clk 0:00:39]} 33. Rb1 {[%clk 0:34:24]} Qd6
{[%clk 0:00:44]} 34. Re5 {[%clk 0:32:27]} b5 {[%clk 0:00:37]} 35. axb5
{[%clk 0:28:34]} cxb5 {[%clk 0:01:06]} 36. Qd3+ {[%clk 0:27:26]} Kh8
{[%clk 0:01:34]} 37. Rexb5 {[%clk 0:26:05]} a4 {[%clk 0:01:42]} 38. R5b2
{[%clk 0:22:46]} a3 {[%clk 0:00:41]} 39. Ra2 {[%clk 0:22:59]} Ra5
{[%clk 0:00:54]} 40. c4 {[%clk 0:22:22]} Raf5 {[%clk 0:00:33]} 41. Rxa3
{[%clk 0:16:18]} Rf2 {[%clk 0:00:40]} 42. Raa1 {[%clk 0:11:22]} g5
{[%clk 0:00:34]} 43. Ra7 {[%clk 0:09:50]} R8f5 {[%clk 0:00:35]} 44. c5
{[%clk 0:02:57]} Qf8 {[%clk 0:01:03]} 45. Kg1 {[%clk 0:02:14]} h5
{[%clk 0:01:01]} 46. Rab7 {[%clk 0:01:03]} g4 {[%clk 0:00:41]} 47. Rb8
{[%clk 0:01:05]} Rf1+ {[%clk 0:00:48]} 48. Rxf1 {[%clk 0:01:02]} Rxf1+
{[%clk 0:01:10]} 49. Qxf1 {[%clk 0:01:27]} Qxb8 {[%clk 0:01:36]} 50. Qf6+
{[%clk 0:01:47]} Kh7 {[%clk 0:01:51]} 51. Qe7+ {[%clk 0:01:51]} Kg8
{[%clk 0:01:57]} 52. Qe6+ {[%clk 0:01:31]} Kh7 {[%clk 0:02:16]} 53. Qe4+
{[%clk 0:01:20]} Kh6 {[%clk 0:01:44]} 54. hxg4 {[%clk 0:01:34]} h4
{[%clk 0:01:44]} 55. Qe6+ {[%clk 0:01:29]} Kh7 {[%clk 0:02:06]} 56. Qf5+
{[%clk 0:01:20]} Kh6 {[%clk 0:01:55]} 57. Qh5+ {[%clk 0:01:19]} Kg7
{[%clk 0:02:24]} 58. Qe5+ {[%clk 0:01:39]} 1-0

[Event "EYCC 2024 - G16"]
[Site "?"]
[Date "2024.08.23"]
[Round "2.12"]
[White "Petrenko, Maryna"]
[Black "Haapsal, Maria Ioanna"]
[Result "1-0"]
[BlackElo "1704"]
[WhiteElo "2020"]
[LiveChessVersion "1.4.8"]

1. d4 {[%clk 1:30:59]} d5 {[%clk 1:30:55]} 2. Nf3 {[%clk 1:31:23]} Nf6
{[%clk 1:31:10]} 3. c4 {[%clk 1:31:49]} e6 {[%clk 1:31:30]} 4. g3
{[%clk 1:32:14]} Be7 {[%clk 1:31:52]} 5. Bg2 {[%clk 1:32:39]} O-O
{[%clk 1:32:04]} 6. O-O {[%clk 1:33:05]} c6 {[%clk 1:31:21]} 7. Nc3
{[%clk 1:33:18]} a5 {[%clk 1:30:40]} 8. Qd3 {[%clk 1:28:29]} b6 {[%clk 1:27:35]}
9. b3 {[%clk 1:24:59]} Ba6 {[%clk 1:24:45]} 10. Rd1 {[%clk 1:19:49]} Nbd7
{[%clk 1:14:28]} 11. e4 {[%clk 1:17:37]} dxe4 {[%clk 1:13:31]} 12. Nxe4
{[%clk 1:17:50]} Rc8 {[%clk 1:06:00]} 13. Bb2 {[%clk 1:11:43]} Nxe4
{[%clk 0:56:19]} 14. Qxe4 {[%clk 1:12:10]} Nf6 {[%clk 0:56:42]} 15. Qc2
{[%clk 1:12:06]} Qc7 {[%clk 0:52:36]} 16. Ne5 {[%clk 1:05:36]} Bb7
{[%clk 0:51:38]} 17. Qe2 {[%clk 0:58:09]} Rfd8 {[%clk 0:47:36]} 18. Qf3
{[%clk 0:49:24]} Ba8 {[%clk 0:43:21]} 19. Qe2 {[%clk 0:41:13]} c5
{[%clk 0:38:28]} 20. Bxa8 {[%clk 0:40:57]} Rxa8 {[%clk 0:37:48]} 21. Qf3
{[%clk 0:39:05]} Rac8 {[%clk 0:25:50]} 22. d5 {[%clk 0:35:26]} exd5
{[%clk 0:22:55]} 23. cxd5 {[%clk 0:33:24]} Rf8 {[%clk 0:17:34]} 24. Re1
{[%clk 0:19:23]} Ne8 {[%clk 0:12:48]} 25. Nc6 {[%clk 0:18:24]} Bd6
{[%clk 0:11:55]} 26. Qg4 {[%clk 0:17:53]} f6 27. Re6 {[%clk 0:16:34]} b5
{[%clk 0:07:18]} 28. Rae1 {[%clk 0:16:25]} Ra8 {[%clk 0:06:44]} 29. Qh3
{[%clk 0:06:05]} Qf7 {[%clk 0:04:50]} 30. Qg4 {[%clk 0:05:29]} Qc7
{[%clk 0:03:47]} 31. Qe2 {[%clk 0:05:24]} b4 {[%clk 0:02:35]} 32. Qh5
{[%clk 0:04:59]} Qf7 {[%clk 0:02:14]} 33. Qf3 {[%clk 0:04:21]} Qc7
{[%clk 0:00:53]} 34. Ne7+ {[%clk 0:04:01]} Bxe7 {[%clk 0:00:42]} 35. Rxe7
{[%clk 0:03:14]} Qb8 {[%clk 0:00:38]} 36. Qg4 {[%clk 0:03:00]} Qc8
{[%clk 0:00:39]} 37. Qf4 {[%clk 0:01:53]} Qb8 {[%clk 0:00:44]} 38. Qe3
{[%clk 0:01:56]} Qd6 {[%clk 0:00:47]} 39. Qe4 {[%clk 0:01:33]} Nc7
{[%clk 0:00:42]} 40. Qg4 {[%clk 0:00:35]} Rf7 {[%clk 0:00:41]} 41. Rxf7
{[%clk 0:00:33]} Kxf7 {[%clk 0:01:10]} 42. Bc1 {[%clk 0:00:40]} Re8
{[%clk 0:00:35]} 43. Qh5+ {[%clk 0:00:48]} Kf8 {[%clk 0:00:43]} 44. Rxe8+
{[%clk 0:01:04]} Nxe8 {[%clk 0:01:09]} 45. Bf4 {[%clk 0:01:23]} Qe7
{[%clk 0:00:54]} 46. Qxh7 {[%clk 0:01:04]} Qe1+ {[%clk 0:00:35]} 47. Kg2
{[%clk 0:01:33]} Qd1 {[%clk 0:00:34]} 48. Qf5 {[%clk 0:01:26]} Qd4
{[%clk 0:00:31]} 49. Be3 {[%clk 0:01:11]} Qc3 {[%clk 0:00:32]} 50. Qc8
{[%clk 0:01:06]} Qe5 {[%clk 0:00:32]} 51. Qxc5+ {[%clk 0:00:43]} Kf7
{[%clk 0:00:42]} 52. Qd4 {[%clk 0:00:32]} Qxd4 {[%clk 0:00:33]} 53. Bxd4
{[%clk 0:01:02]} Nc7 {[%clk 0:00:39]} 54. Bb6 {[%clk 0:00:53]} Nxd5
{[%clk 0:01:02]} 55. Bxa5 {[%clk 0:01:22]} Ke6 {[%clk 0:00:51]} 56. Kf3
{[%clk 0:01:45]} g6 {[%clk 0:00:40]} 57. Ke4 {[%clk 0:01:17]} Nc3+
{[%clk 0:00:33]} 58. Kd4 {[%clk 0:01:34]} Nxa2 {[%clk 0:00:48]} 59. Kc4
{[%clk 0:01:48]} Nc3 {[%clk 0:00:32]} 60. Bxb4 {[%clk 0:01:59]} Ne4
{[%clk 0:00:54]} 61. Be1 {[%clk 0:02:19]} Ng5 {[%clk 0:00:50]} 62. h4
{[%clk 0:02:42]} Nf3 {[%clk 0:00:49]} 63. Bc3 {[%clk 0:03:02]} g5
{[%clk 0:00:33]} 64. h5 {[%clk 0:03:11]} g4 {[%clk 0:00:32]} 65. Kc5
{[%clk 0:03:09]} Ng5 {[%clk 0:00:45]} 66. Kc6 {[%clk 0:03:22]} Ne4
{[%clk 0:00:57]} 67. Bd4 {[%clk 0:03:31]} f5 {[%clk 0:01:19]} 68. b4
{[%clk 0:03:43]} Nd6 {[%clk 0:01:11]} 69. h6 {[%clk 0:03:58]} 1-0

[Event "EYCC 2024 - G16"]
[Site "?"]
[Date "2024.08.23"]
[Round "2.13"]
[White "Cherix, Lily"]
[Black "Slusarczyk, Anna"]
[Result "0-1"]
[BlackElo "1997"]
[WhiteElo "1689"]
[LiveChessVersion "1.4.8"]

1. e4 {[%clk 1:30:57]} c5 {[%clk 1:30:55]} 2. Nf3 {[%clk 1:31:18]} e6
{[%clk 1:31:20]} 3. d4 {[%clk 1:31:31]} cxd4 {[%clk 1:31:44]} 4. Nxd4
{[%clk 1:31:53]} a6 {[%clk 1:32:09]} 5. Nc3 {[%clk 1:31:51]} b5 {[%clk 1:32:33]}
6. a3 {[%clk 1:27:37]} Bb7 {[%clk 1:32:03]} 7. Bd3 {[%clk 1:27:56]} Bc5
{[%clk 1:32:26]} 8. Nb3 {[%clk 1:26:21]} Ba7 {[%clk 1:31:53]} 9. Bf4
{[%clk 1:17:11]} d6 {[%clk 1:22:17]} 10. Qg4 {[%clk 1:15:12]} Nf6
{[%clk 1:21:55]} 11. Qxg7 {[%clk 1:09:10]} Rg8 {[%clk 1:20:54]} 12. Qh6
{[%clk 1:09:32]} Bxf2+ {[%clk 1:20:02]} 13. Kf1 {[%clk 1:08:17]} Rg6
{[%clk 1:12:03]} 14. Qh3 {[%clk 1:06:29]} Bb6 {[%clk 1:09:05]} 15. Nd2
{[%clk 1:01:47]} e5 {[%clk 1:04:50]} 16. Bg3 {[%clk 0:58:19]} Bc8
{[%clk 1:04:42]} 17. Qh4 {[%clk 0:57:27]} Be3 {[%clk 1:04:50]} 18. Nd5
{[%clk 0:50:11]} Bg5 {[%clk 0:55:23]} 19. Nf3 {[%clk 0:46:35]} Bxh4
{[%clk 0:55:06]} 20. Bxh4 {[%clk 0:46:57]} Nbd7 {[%clk 0:55:07]} 0-1

[Event "EYCC 2024 - G16"]
[Site "?"]
[Date "2024.08.23"]
[Round "2.14"]
[White "Rasheva, Nora"]
[Black "Mendelova, Adela"]
[Result "1-0"]
[BlackElo "1691"]
[WhiteElo "1942"]
[LiveChessVersion "1.4.8"]

1. d4 {[%clk 1:30:57]} Nf6 {[%clk 1:30:55]} 2. c4 {[%clk 1:31:23]} e6
{[%clk 1:31:20]} 3. Nf3 {[%clk 1:31:41]} b6 {[%clk 1:31:45]} 4. g3
{[%clk 1:32:06]} Bb7 {[%clk 1:32:11]} 5. Bg2 {[%clk 1:32:30]} Be7
{[%clk 1:32:30]} 6. Nc3 {[%clk 1:32:09]} O-O {[%clk 1:32:42]} 7. O-O
{[%clk 1:31:36]} Ne4 {[%clk 1:32:27]} 8. Bd2 {[%clk 1:28:30]} f5 {[%clk 1:32:17]}
9. d5 {[%clk 1:26:16]} Bf6 {[%clk 1:32:20]} 10. Rc1 {[%clk 1:05:05]} Na6
{[%clk 1:31:35]} 11. Ne1 {[%clk 1:03:37]} Nac5 {[%clk 1:07:23]} 12. b4
{[%clk 0:53:13]} Nxc3 {[%clk 1:06:24]} 13. Bxc3 {[%clk 0:53:42]} Ne4
{[%clk 1:06:18]} 14. Bxe4 {[%clk 0:47:53]} Bxc3 {[%clk 0:53:56]} 15. Rxc3
{[%clk 0:45:32]} fxe4 {[%clk 0:51:49]} 16. Re3 {[%clk 0:41:02]} exd5
{[%clk 0:46:12]} 17. cxd5 {[%clk 0:40:27]} Qe7 {[%clk 0:42:25]} 18. f3
{[%clk 0:30:19]} Qxb4 {[%clk 0:25:09]} 19. fxe4 {[%clk 0:30:07]} Qc5
{[%clk 0:20:56]} 20. Qd2 {[%clk 0:27:43]} Rxf1+ {[%clk 0:16:30]} 21. Kxf1
{[%clk 0:28:12]} Rf8+ {[%clk 0:15:37]} 22. Nf3 {[%clk 0:27:19]} Qd6
{[%clk 0:10:50]} 23. Kg2 {[%clk 0:20:49]} Re8 {[%clk 0:06:23]} 24. Qd4
{[%clk 0:17:43]} c6 {[%clk 0:04:24]} 25. dxc6 {[%clk 0:15:25]} Qxd4
{[%clk 0:03:19]} 26. Nxd4 {[%clk 0:15:53]} dxc6 {[%clk 0:02:26]} 27. Nf5
{[%clk 0:15:26]} Re6 {[%clk 0:02:25]} 28. Rd3 {[%clk 0:14:44]} Kf8
{[%clk 0:00:47]} 29. Rd8+ {[%clk 0:10:33]} Re8 {[%clk 0:01:16]} 30. Rxe8+
{[%clk 0:09:12]} Kxe8 {[%clk 0:01:45]} 31. Nxg7+ {[%clk 0:09:16]} Kd7
{[%clk 0:01:58]} 32. Nf5 {[%clk 0:09:39]} c5 {[%clk 0:01:43]} 33. Kf3
{[%clk 0:10:04]} Ke6 {[%clk 0:01:57]} 34. Kf4 {[%clk 0:09:47]} Ba6
{[%clk 0:01:46]} 35. Ke3 {[%clk 0:08:46]} Ke5 {[%clk 0:01:34]} 36. g4
{[%clk 0:08:59]} Bb7 {[%clk 0:00:42]} 37. Ng3 {[%clk 0:06:35]} c4
{[%clk 0:00:46]} 38. g5 {[%clk 0:06:41]} c3 {[%clk 0:00:55]} 39. Kd3
{[%clk 0:02:50]} c2 {[%clk 0:00:53]} 40. Kxc2 {[%clk 0:03:17]} Kf4
{[%clk 0:00:41]} 41. Kd3 {[%clk 0:03:03]} Kxg5 {[%clk 0:00:46]} 42. e5
{[%clk 0:03:03]} Bd5 {[%clk 0:00:43]} 43. a3 {[%clk 0:03:17]} Kf4
{[%clk 0:00:43]} 44. Kd4 {[%clk 0:03:37]} Be6 {[%clk 0:00:48]} 45. Nh5+
{[%clk 0:02:59]} Kg5 {[%clk 0:00:39]} 46. Nf6 {[%clk 0:01:12]} h5
{[%clk 0:01:07]} 47. Ne8 {[%clk 0:01:24]} h4 {[%clk 0:00:54]} 48. Nc7
{[%clk 0:01:39]} Kf5 {[%clk 0:01:09]} 49. e4+ {[%clk 0:01:59]} Kg4
{[%clk 0:01:21]} 50. Nxe6 {[%clk 0:02:24]} Kh3 {[%clk 0:01:46]} 51. Nf4+
{[%clk 0:02:13]} Kxh2 {[%clk 0:02:10]} 52. e6 {[%clk 0:02:40]} Kg3
{[%clk 0:02:33]} 53. Ke3 {[%clk 0:03:05]} h3 {[%clk 0:02:53]} 54. Nxh3
{[%clk 0:03:32]} 1-0